Vista normal
Vista MARC
Entrada Materia (personas)
Número de registros utilizados en: 1
001 - CONTROL NUMBER
- control field: 93718
003 - CONTROL NUMBER IDENTIFIER
- control field: Co-BoUCM
005 - DATE AND TIME OF LATEST TRANSACTION
- control field: 20180924111735.0
008 - FIXED-LENGTH DATA ELEMENTS
- fixed length control field: 180924|| aca||aabn | a|a d
040 ## - CATALOGING SOURCE
- Original cataloging agency: Co-BoUCM
- Transcribing agency: Co-BoUCM
100 ## - HEADING--PERSONAL NAME
- Personal name: Franses, Phillip Hans
- Dates associated with a name: 2018
670 ## - SOURCE DATA FOUND
- Source citation: Work cat.: (Co-BoUCM)310489: Franses, Phillip Hans 2018, Enjoyable Econometrics, 2018